Szczegóły MARC21

Sztuka świata. T. 7 /

003 -Nazwa inst., której nr kontr. jest w polu 001 [,]
    • @
    • Nazwa instytucji, której n kontrolny jest w polu 001
    • NUKAT
005 -DATA I CZAS OSTATNIEJ MODYFIKACJI [,]
    • @
    • pole kontrolne
    • 20260101161545.0
020 -Międzynarod. znormalizowany nr książki - ISBN [ , ]
    • a
    • Numer ISBN
    • 8321334792 Find
    • q
    • Dopowiedzenie
    • całość
020 -Międzynarod. znormalizowany nr książki - ISBN [ , ]
    • a
    • Numer ISBN
    • 8321336809 Find
    • q
    • Dopowiedzenie
    • t. 7
040 -Instytucja sporządzająca opis [ , ]
    • a
    • Instytucja, która sporządziła opis (NP)
    • LUBL U/bg
    • c
    • Instytucja, która sporządziła rekord (NP)
    • LUBL U/bg
    • d
    • Instytucja, która zmodyfikowała rekord (P)
    • LUBL U/ABs
    • d
    • Instytucja, która zmodyfikowała rekord (P)
    • LUBL U/bgk
    • d
    • Instytucja, która zmodyfikowała rekord (P)
    • WR O/ZW
    • d
    • Instytucja, która zmodyfikowała rekord (P)
    • TOR U/KMos
    • d
    • Instytucja, która zmodyfikowała rekord (P)
    • GL 001/KGM
    • d
    • Instytucja, która zmodyfikowała rekord (P)
    • GD 27/MFs
041 -Język dokumentu [1, ]
    • a
    • Język tekstu (P)
    • polski
    • h
    • Język tekstu oryginalnego i/lub pośredniego (P)
    • hiszpański
    • h
    • Język tekstu oryginalnego i/lub pośredniego (P)
    • niemiecki
942 -Rodzaj dokumentu [ , ]
    • c
    • Rodzaj dokumentu
    • Książka
245 -Strefa tytułu i oznaczenia odpowiedzialności [0,0]
    • a
    • Tytuł
    • Sztuka świata. Find
    • n
    • Oznaczenie części (P)
    • T. 7 /
    • c
    • Pozostałe elementy strefy tytułu i oznaczenia odpowiedzialności (NP)
    • [aut. rozdz. Barok w Hiszpanii Julian Gállego, Gudiol Ricart ; tł. z niem. Witold Leder, Elżbieta Kaźmierczak, Przemysław Trzeciak ; aut. tekstów pol. Tadeusz Chrzanowski et al. ; red. nauk. t. Anna Lewicka-Morawska].
246 -Wariant tytułu [1, ]
    • i
    • Tekst wyświetlany na ekranie monitora (NP)
    • Tyt. oryg.:
    • a
    • Tytuł (NP)
    • Historia del arte
260 -Strefa adresu wydawniczego [ , ]
    • a
    • Miejsce wydania (P)
    • Warszawa :
    • b
    • Nazwa wydawcy (P)
    • Arkady,
    • c
    • Data wydania (P)
    • 1994.
300 -Strefa opisu fizycznego [ , ]
    • a
    • Określenie formy książki i/lub objętość (NP)
    • 394, [2] s. :
    • b
    • Oznaczenie ilustracji (NP)
    • il. kolor ;
    • c
    • Format (NP)
    • 30 cm.
336 -Typ zawartości [ , ]
    • a
    • Termin opisujący typ zawartości
    • Tekst
    • b
    • Kod określający zawartość
    • txt
    • 2
    • Źródło (terminu i kodu)
    • rdacontent
337 -Typ mediów [ , ]
    • a
    • Tryb odtwarzania
    • Bez urządzenia pośredniczącego
    • b
    • Kod typu mediów
    • n
    • 2
    • Źródło (terminu i kodu)
    • rdamedia
338 -Typ/rodzaj nośnika [ , ]
    • a
    • Hasło opisujące typ nośnika
    • Wolumin
    • b
    • Kod typu nośnika
    • nc
    • 2
    • Źródło (terminu i kodu)
    • rdacarrier
380 -Deskryptor - Forma dzieła (P) [ , ]
    • a
    • forma dzieła (NP)
    • Albumy i książki artystyczne
380 -Deskryptor - Forma dzieła (P) [ , ]
    • a
    • forma dzieła (NP)
    • Książki
388 -Deskryptor - czas powstania dzieła (P) [1, ]
    • a
    • Czas powstania dzieła (NP)
    • 1901-2000
500 -Uwaga ogólna [ , ]
    • a
    • Uwaga ogólna (NP)
    • Oprac. na podst. oryg. hisz.
504 -Uwaga dot. bibliogr. załącznikowej [ , ]
    • a
    • Uwaga dot. bibliografii załącznikowej
    • Bibliogr. s. 386-[389]. Indeks.
080 -Uniwersalna Klasyfikacja Dziesiętna [ , ]
    • a
    • Symbol klasyfikacji
    • 7.03(100)(091)(084.11)
600 -Hasło przedmiotowe w formie nazwy osobowej [1,7]
    • a
    • Nazwa osobowa
    • Caravaggio, Michelangelo Merisi da
    • d
    • Daty związane z nazwą
    • (1571-1610)
    • 2
    • Źródło terminu
    • DBN
    • 9
    • KHW
    • 724241
600 -Hasło przedmiotowe w formie nazwy osobowej [0,7]
    • a
    • Nazwa osobowa
    • Rembrandt
    • d
    • Daty związane z nazwą
    • (1606-1669)
    • 2
    • Źródło terminu
    • DBN
    • 9
    • KHW
    • 744618
600 -Hasło przedmiotowe w formie nazwy osobowej [1,7]
    • a
    • Nazwa osobowa
    • Rubens, Peter Paul
    • d
    • Daty związane z nazwą
    • (1577-1640)
    • 2
    • Źródło terminu
    • DBN
600 -Hasło przedmiotowe w formie nazwy osobowej [1,7]
    • a
    • Nazwa osobowa
    • Velázquez, Diego
    • d
    • Daty związane z nazwą
    • (1599-1660)
    • 2
    • Źródło terminu
    • DBN
600 -Hasło przedmiotowe w formie nazwy osobowej [1,7]
    • a
    • Nazwa osobowa
    • Vermeer van Delft, Jan
    • d
    • Daty związane z nazwą
    • (1632-1675)
    • 2
    • Źródło terminu
    • DBN
648 -Hasło przedmiotowe - chronologia [ ,7]
    • a
    • Deskryptor chronologiczny
    • 1501-1600
    • 2
    • Źródło terminu
    • DBN
    • 9
    • KHW
    • 720979
648 -Hasło przedmiotowe - chronologia [ ,7]
    • a
    • Deskryptor chronologiczny
    • 1601-1700
    • 2
    • Źródło terminu
    • DBN
    • 9
    • KHW
    • 720980
648 -Hasło przedmiotowe - chronologia [ ,7]
    • a
    • Deskryptor chronologiczny
    • 1701-1800
    • 2
    • Źródło terminu
    • DBN
    • 9
    • KHW
    • 720982
650 -Hasło przedmiotowe [ ,7]
    • a
    • Hasło przedmiotowe
    • Architektura
    • 2
    • Źródło terminu
    • DBN
    • 9
    • KHW
    • 726978
650 -Hasło przedmiotowe [ ,7]
    • a
    • Hasło przedmiotowe
    • Barok
    • 2
    • Źródło terminu
    • DBN
    • 9
    • KHW
    • 730092
650 -Hasło przedmiotowe [ ,7]
    • a
    • Hasło przedmiotowe
    • Historia sztuki
    • 2
    • Źródło terminu
    • DBN
    • 9
    • KHW
    • 723515
650 -Hasło przedmiotowe [ ,7]
    • a
    • Hasło przedmiotowe
    • Malarstwo (sztuka)
    • 2
    • Źródło terminu
    • DBN
    • 9
    • KHW
    • 738445
650 -Hasło przedmiotowe [ ,7]
    • a
    • Hasło przedmiotowe
    • Rokoko
    • 2
    • Źródło terminu
    • DBN
    • 9
    • KHW
    • 733887
650 -Hasło przedmiotowe [ ,7]
    • a
    • Hasło przedmiotowe
    • Rzeźba
    • 2
    • Źródło terminu
    • DBN
    • 9
    • KHW
    • 734600
650 -Hasło przedmiotowe [ ,7]
    • a
    • Hasło przedmiotowe
    • Sztuka Ameryki Łacińskiej
    • 2
    • Źródło terminu
    • DBN
650 -Hasło przedmiotowe [ ,7]
    • a
    • Hasło przedmiotowe
    • Sztuka europejska
    • 2
    • Źródło terminu
    • DBN
    • 9
    • KHW
    • 725486
650 -Hasło przedmiotowe [ ,7]
    • a
    • Hasło przedmiotowe
    • Sztuka barokowa.
    • 2
    • Źródło terminu
    • kaba
    • 9
    • KHW
    • 132316
650 -Hasło przedmiotowe [ ,7]
    • a
    • Hasło przedmiotowe
    • Sztuka rokokowa.
    • 2
    • Źródło terminu
    • kaba
    • 9
    • KHW
    • 132411
650 -Hasło przedmiotowe [ ,7]
    • a
    • Hasło przedmiotowe
    • Architektura
    • z
    • Określnik geograficzny
    • Ameryka Łacińska
    • y
    • Określnik chronologiczny
    • 1500-1800.
    • 2
    • Źródło terminu
    • kaba
    • 9
    • KHW
    • 544036
655 -Hasło w funkcji tematu formalnego [ ,7]
    • a
    • Hasło
    • Album
    • 2
    • Źródło terminu
    • DBN
    • 9
    • KHW
    • 722388
658 -Ujęcie treści [ , ]
    • a
    • dziedzina nauki i sztuki/ sfera aktywności życiowej
    • Architektura i budownictwo
658 -Ujęcie treści [ , ]
    • a
    • dziedzina nauki i sztuki/ sfera aktywności życiowej
    • Historia
658 -Ujęcie treści [ , ]
    • a
    • dziedzina nauki i sztuki/ sfera aktywności życiowej
    • Kultura i sztuka
980 -Symbol UKD [ , ]
    • a
    • UKD
    • 7.03(100)(091)(084.11)
700 -Hasło dodatkowe - nazwa osobowa [1, ]
    • a
    • Nazwa osobowa (NP)
    • Gállego, Julián Find
    • d
    • Daty biograficzne (NP)
    • (1919- ).
    • 9
    • KHW
    • 543879
700 -Hasło dodatkowe - nazwa osobowa [1, ]
    • a
    • Nazwa osobowa (NP)
    • Ricart, Gudiol Find
    • d
    • Daty biograficzne (NP)
    • (1901-1985).
    • 9
    • KHW
    • 543881
700 -Hasło dodatkowe - nazwa osobowa [1, ]
    • a
    • Nazwa osobowa (NP)
    • Chrzanowski, Tadeusz Find
    • d
    • Daty biograficzne (NP)
    • (1926-2006).
    • 9
    • KHW
    • 42535
700 -Hasło dodatkowe - nazwa osobowa [1, ]
    • a
    • Nazwa osobowa (NP)
    • Trzeciak, Przemysław Find
    • d
    • Daty biograficzne (NP)
    • (1931- ).
    • e
    • Określenie rodzaju współpracy
    • Tł.
    • 9
    • KHW
    • 537323
700 -Hasło dodatkowe - nazwa osobowa [1, ]
    • a
    • Nazwa osobowa (NP)
    • Leder, Witold Find
    • d
    • Daty biograficzne (NP)
    • (1913-2007).
    • e
    • Określenie rodzaju współpracy
    • Tł.
    • 9
    • KHW
    • 447833
700 -Hasło dodatkowe - nazwa osobowa [1, ]
    • a
    • Nazwa osobowa (NP)
    • Kaźmierczak, Elżbieta Find
    • c
    • Dopowiedzenie inne niż daty biograficzne (NP)
    • (tłumacz).
    • e
    • Określenie rodzaju współpracy
    • Tł.
    • 9
    • KHW
    • 424327
700 -Hasło dodatkowe - nazwa osobowa [1, ]
    • a
    • Nazwa osobowa (NP)
    • Lewicka-Morawska, Anna Find
    • d
    • Daty biograficzne (NP)
    • (1952-2015).
    • e
    • Określenie rodzaju współpracy
    • Red.
    • 9
    • KHW
    • 543880
710 -Hasło dodatkowe - nazwa ciała zbiorowego [2, ]
    • a
    • Nazwa ciała zbiorowego lub nazwa geograficzna jako pierwszy element (NP)
    • Wydawnictwo Arkady.
    • 4
    • Kod relacji
    • pbl
    • 9
    • KHW
    • 506560
920 -ISBN [ , ]
    • a
    • ISBN
    • 83-213-3479-2 Find
    • q
    • Dopowiedzenie
    • całość
920 -ISBN [ , ]
    • a
    • ISBN
    • 83-213-3680-9 Find
    • q
    • Dopowiedzenie
    • t. 7
Data inwentaryzacji Lokalizacja Numer inwentarzowy Status udost. Sygnatura
1997-05-19BGZ.84687-3 
1997-05-19BMP.117391POL. Sztuka 25
1997-05-19BNSPd.76571